<?xml version="1.0" encoding="UTF-8"?><?xml-stylesheet type="text/xsl" href="static/style.xsl"?><OAI-PMH xmlns="http://www.openarchives.org/OAI/2.0/" xmlns:xsi="http://www.w3.org/2001/XMLSchema-instance" xsi:schemaLocation="http://www.openarchives.org/OAI/2.0/ http://www.openarchives.org/OAI/2.0/OAI-PMH.xsd"><responseDate>2026-04-28T19:49:01Z</responseDate><request verb="GetRecord" identifier="oai:uvadoc.uva.es:10324/63708" metadataPrefix="marc">https://uvadoc.uva.es/oai/request</request><GetRecord><record><header><identifier>oai:uvadoc.uva.es:10324/63708</identifier><datestamp>2023-12-19T20:04:23Z</datestamp><setSpec>com_10324_38</setSpec><setSpec>col_10324_852</setSpec></header><metadata><record xmlns="http://www.loc.gov/MARC21/slim" xmlns:doc="http://www.lyncode.com/xoai" xmlns:xsi="http://www.w3.org/2001/XMLSchema-instance" xmlns:dcterms="http://purl.org/dc/terms/" xsi:schemaLocation="http://www.loc.gov/MARC21/slim http://www.loc.gov/standards/marcxml/schema/MARC21slim.xsd">
<leader>00925njm 22002777a 4500</leader>
<datafield tag="042" ind1=" " ind2=" ">
<subfield code="a">dc</subfield>
</datafield>
<datafield tag="720" ind1=" " ind2=" ">
<subfield code="a">Saldaña Pacheco, Luisa Fernanda</subfield>
<subfield code="e">author</subfield>
</datafield>
<datafield tag="260" ind1=" " ind2=" ">
<subfield code="c">2023</subfield>
</datafield>
<datafield tag="520" ind1=" " ind2=" ">
<subfield code="a">Este trabajo de fin de grado ofrece una visión integral del comportamiento del consumidor, su relación con el marketing y la relevancia del merchandising como una herramienta estratégica fundamental para las empresas. Su objetivo es proporcionar conocimientos que permitan comprender las decisiones de compra del consumidor y cómo el merchandising puede influir en ellas, lo cual posibilita que las empresas adapten sus estrategias y alcancen el éxito en el mercado actual.&#xd;
A través de una combinación de conocimiento teórico y práctico, se pretende analizar los factores que influyen en las decisiones de compra del consumidor y cómo el merchandising puede ser empleado de manera efectiva para satisfacer sus necesidades y deseos. Asimismo, se presentan estrategias específicas para implementar el merchandising, las cuales incluyen el diseño y la organización del espacio comercial, así como la ubicación estratégica de los productos, con el propósito de influir en las preferencias y elecciones del consumidor.</subfield>
</datafield>
<datafield tag="024" ind2=" " ind1="8">
<subfield code="a">https://uvadoc.uva.es/handle/10324/63708</subfield>
</datafield>
<datafield tag="245" ind1="0" ind2="0">
<subfield code="a">Merchandising: influencia en la decisión de compra del consumidor</subfield>
</datafield>
</record></metadata></record></GetRecord></OAI-PMH>